00990 2200217 4500001002100000005001500021035002000036007000300056008004100059020002200100082000800122084001400130100003200144245010400176260003100280300004900311700003100360700003200391520033100423600001800754INLIS00000000000232920260406014715 a0010-0426000007ta260406 j 0 ind  a978-602-467-786-2 a611 a611 TES m0 aTessa Febiani ( Pengarang )1 aMengenal tubuh manusia dan cara kerjanya /cTessa Febiani; editor, Putri Fitrisia, Windrati Hapsari aJakarta :bErlangga,c2023 a32 hlm :biIus,bergambar,berwarna ;c28,5 cm0 aPutri Fitrisia ( Editor )0 aWindrati Hapsari ( Editor ) aMengenal tubuh manusia dan cara kerjanya Mengajarkan dan Mengenalkan anak anak tentang anggota tubuh mereka sejak dini itu penting lohh. Dengan menunjukkan anggota tubuh dan cara kerja nya mereka akan lebih mengenal diri nya dan dapat menghargai seluruh anggota tubuh nya yang sudah bekerja sama dalam kegiatan sehari hari. 4aTubuh manusia